Detalles MARC
| 000 -CABECERA |
| campo de control de longitud fija |
01322nam a22004570a 4500 |
| 001 - NÚMERO DE CONTROL |
| campo de control |
PT51700 |
| 003 - IDENTIFICADOR DEL NÚMERO DE CONTROL |
| campo de control |
AR-LpoUNG |
| 005 - FECHA Y HORA DE LA ÚLTIMA TRANSACCIÓN |
| campo de control |
20210131231440.0 |
| 008 - DATOS DE LONGITUD FIJA--INFORMACIÓN GENERAL |
| campo de control de longitud fija |
191001s2013||||ag |||||||||||||||||spa d |
| 020 ## - NÚMERO INTERNACIONAL ESTÁNDAR DEL LIBRO |
| Número Internacional Estándar del Libro |
9789876144216 |
| Condiciones de disponibilidad |
$17 |
| 040 ## - FUENTE DE LA CATALOGACIÓN |
| Centro catalogador/agencia de origen |
AR-LpoUNG |
| Lengua de catalogación |
spa |
| Centro/agencia transcriptor |
AR-LpoUNG |
| Normas de descripción |
aacr |
| 041 ## - CÓDIGO DE LENGUA |
| Código de lengua del texto/banda sonora o título independiente |
spa |
| 044 ## - CÓDIGO DEL PAÍS DE LA ENTIDAD EDITORA/PRODUCTORA |
| Código MARC del país |
ag |
| 082 0# - NÚMERO DE LA CLASIFICACIÓN DECIMAL DEWEY |
| Número de clasificación |
R305.8 394atl |
| 100 1# - ENTRADA PRINCIPAL--NOMBRE DE PERSONA |
| Nombre de persona |
Denis, Jean-Pierre |
| Término indicativo de función/relación |
ed. |
| 245 13 - MENCIÓN DE TÍTULO |
| Título |
El atlas de las minorías : |
| Resto del título |
étnicas, nacionales, sociales, lingüísticas, religiosas, sexuales... |
| 250 ## - MENCIÓN DE EDICIÓN |
| Mención de edición |
1ª ed. |
| 260 ## - PUBLICACIÓN, DISTRIBUCIÓN, ETC. |
| Lugar de publicación, distribución, etc. |
Buenos Aires : |
| Nombre del editor, distribuidor, etc. |
Capital Intelectual, |
| Fecha de publicación, distribución, etc. |
2013. |
| 300 ## - DESCRIPCIÓN FÍSICA |
| Extensión |
184 p. : |
| Otras características físicas |
il., gráfs., mapas |
| 650 #4 - PUNTO DE ACCESO ADICIONAL DE MATERIA--TÉRMINO DE MATERIA |
| Término de materia o nombre geográfico como elemento de entrada |
ANALISIS ESTADISTICO |
| 650 #4 - PUNTO DE ACCESO ADICIONAL DE MATERIA--TÉRMINO DE MATERIA |
| Término de materia o nombre geográfico como elemento de entrada |
ANALISIS SOCIOLOGICO |
| 650 #4 - PUNTO DE ACCESO ADICIONAL DE MATERIA--TÉRMINO DE MATERIA |
| Término de materia o nombre geográfico como elemento de entrada |
ASPECTOS SOCIALES |
| 650 #4 - PUNTO DE ACCESO ADICIONAL DE MATERIA--TÉRMINO DE MATERIA |
| Término de materia o nombre geográfico como elemento de entrada |
ATLAS |
| 650 #4 - PUNTO DE ACCESO ADICIONAL DE MATERIA--TÉRMINO DE MATERIA |
| Término de materia o nombre geográfico como elemento de entrada |
COMPORTAMIENTO SEXUAL |
| 650 #4 - PUNTO DE ACCESO ADICIONAL DE MATERIA--TÉRMINO DE MATERIA |
| Término de materia o nombre geográfico como elemento de entrada |
CUADROS ESTADISTICOS |
| 650 #4 - PUNTO DE ACCESO ADICIONAL DE MATERIA--TÉRMINO DE MATERIA |
| Término de materia o nombre geográfico como elemento de entrada |
DATOS ESTADISTICOS |
| 650 #4 - PUNTO DE ACCESO ADICIONAL DE MATERIA--TÉRMINO DE MATERIA |
| Término de materia o nombre geográfico como elemento de entrada |
DERECHOS HUMANOS |
| 650 #4 - PUNTO DE ACCESO ADICIONAL DE MATERIA--TÉRMINO DE MATERIA |
| Término de materia o nombre geográfico como elemento de entrada |
DISTRIBUCION POR SEXO |
| 650 #4 - PUNTO DE ACCESO ADICIONAL DE MATERIA--TÉRMINO DE MATERIA |
| Término de materia o nombre geográfico como elemento de entrada |
GLOBALIZACION |
| 650 #4 - PUNTO DE ACCESO ADICIONAL DE MATERIA--TÉRMINO DE MATERIA |
| Término de materia o nombre geográfico como elemento de entrada |
GRUPOS ETNICOS |
| 650 #4 - PUNTO DE ACCESO ADICIONAL DE MATERIA--TÉRMINO DE MATERIA |
| Término de materia o nombre geográfico como elemento de entrada |
MATERIAL DE REFERENCIA |
| 650 #4 - PUNTO DE ACCESO ADICIONAL DE MATERIA--TÉRMINO DE MATERIA |
| Término de materia o nombre geográfico como elemento de entrada |
MINORIAS ETNICAS |
| 650 #4 - PUNTO DE ACCESO ADICIONAL DE MATERIA--TÉRMINO DE MATERIA |
| Término de materia o nombre geográfico como elemento de entrada |
MINORIAS LINGÜISTICAS |
| 650 #4 - PUNTO DE ACCESO ADICIONAL DE MATERIA--TÉRMINO DE MATERIA |
| Término de materia o nombre geográfico como elemento de entrada |
MINORIAS RELIGIOSAS |
| 650 #4 - PUNTO DE ACCESO ADICIONAL DE MATERIA--TÉRMINO DE MATERIA |
| Término de materia o nombre geográfico como elemento de entrada |
SOCIEDAD CIVIL |
| 651 #4 - PUNTO DE ACCESO ADICIONAL DE MATERIA--NOMBRE GEOGRÁFICO |
| Nombre geográfico |
Mundial |
| 700 1# - PUNTO DE ACCESO ADICIONAL--NOMBRE DE PERSONA |
| Nombre de persona |
Nouchi, Franck |
| Término indicativo de función/relación |
ed. |
| 710 2# - PUNTO DE ACCESO ADICIONAL--NOMBRE DE ENTIDAD CORPORATIVA |
| Nombre de entidad corporativa o nombre de jurisdicción como elemento de entrada |
Le Monde Diplomatique (París) |
| 905 ## - ELEMENTOS DE DATOS E LOCAL, LDE (RLIN) |
| a |
51700 |
| 942 ## - ELEMENTOS DE PUNTO DE ACCESO ADICIONAL (KOHA) |
| Tipo de ítem Koha |
Lectura en Sala |